| 000 | 005880000a22001810004500 | ||
|---|---|---|---|
| 003 | MACL | ||
| 005 | 20160319162156.0 | ||
| 008 | 160319b xxu||||| |||| 00| 0 eng d | ||
| 040 |
_aMACL _cMACL |
||
| 041 | _aHindi | ||
| 082 | _a954 | ||
| 100 |
_aश्रीवाव्तव भगवानदास _947563 |
||
| 245 | _a1857 की क्रान्ति और विद्रोही राजा बखतवली | ||
| 260 |
_bशान्ति प्रकाशन _c1995 _aभोपाल |
||
| 350 | _a150 | ||
| 650 |
_aHistory _947564 |
||
| 942 |
_cHIN _k954 _2ddc |
||
| 999 |
_c29584 _d29584 |
||